EFFECTIVE MEETINGS FOR BUSY PEOPLE LETS DECIDE IT AND GO HOME (Record no. 581561)
[ view plain ]
| 000 -LEADER | |
|---|---|
| fixed length control field | 00371nam a22001337a 4500 |
| 020 ## - INTERNATIONAL STANDARD BOOK NUMBER | |
| International Standard Book Number | 0-07-010117-5 |
| 082 ## - DEWEY DECIMAL CLASSIFICATION NUMBER | |
| Classification number | 658.456 CAR'E |
| 100 ## - MAIN ENTRY--PERSONAL NAME | |
| Personal name | CARNESS, WILLIAM T |
| 9 (RLIN) | 76145 |
| 245 ## - TITLE STATEMENT | |
| Title | EFFECTIVE MEETINGS FOR BUSY PEOPLE LETS DECIDE IT AND GO HOME |
| 260 ## - PUBLICATION, DISTRIBUTION, ETC. | |
| Place of publication, distribution, etc. | NEWYORK |
| Name of publisher, distributor, etc. | MCGRAW HILL |
| Date of publication, distribution, etc. | 1980 |
| 300 ## - PHYSICAL DESCRIPTION | |
| Extent | 348P |
| 650 ## - SUBJECT ADDED ENTRY--TOPICAL TERM | |
| Topical term or geographic name entry element | MEETINGS CORPORATE MEETINGS |
| 9 (RLIN) | 76146 |
| 942 ## - ADDED ENTRY ELEMENTS (KOHA) | |
| Koha item type | Book |
| Withdrawn status | Lost status | Damaged status | Not for loan | Permanent Location | Current Location | Shelving location | Date acquired | Total Checkouts | Full call number | Barcode | Date last seen | Price effective from | Koha item type |
|---|---|---|---|---|---|---|---|---|---|---|---|---|---|
| College of Electrical & Mechanical Engineering (CEME) | College of Electrical & Mechanical Engineering (CEME) | General Stacks | 05/26/2017 | 658.456 CAR'E | CEME-11693 | 06/28/2021 | 06/28/2021 | Book |
